000 01515nam a2200385 i 4500
001 000045903
003 DO-SdBNP
005 20240409122244.0
007 ta
008 150526s2015 dr r 000 0 spa d
020 _a9789945582185
040 _aDO-SdBNP
_bspa
_cBNPHU
_erda
082 4 _a972.9302
_bV239a
_222
100 1 _aVanderplaats de Vallejo, Catharina
_923144
_eautora
245 1 0 _aAnacaona :
_bla construcción de la cacica taína de Quisqueya. Quinientos años de ideologización /
_cCatharina V. de Vallejo.
260 _b,
264 _aSanto Domingo :
_bBanco Central República Dominicana
_c2015.
300 _a297 páginas ;
_c23 cm.
336 _2rdacontent
_atexto
_btxt
337 _2rdamedia
_asin mediación
_bn
338 _2rdacarrier
_avolumen
_bnc
490 0 _aBanco Central República Dominicana
_v209
490 1 _aCiencia y sociedad
_v35
500 _aIncluye datos biográficos de la autora en la solapa de la cubierta
500 _aIncluye referencias bibliográficas y notas al pie de las páginas.
500 _aIncluye índice onomástico
504 _aBibliografía : p. 255-276
590 _aInventariado, 2023/MFF
600 0 4 _aAnacaona
_d-1504
_983894
650 4 _aIndígenas de la República Dominicana
_xHistoria
_983895
651 0 _aRepública Dominicana --
_xHistoria --
_yColonia, 1503-1844
_911397
830 0 _aBanco Central República Dominicana ;
_n35
_973969
_pCiencia y sociedad, 35
910 _aValidado. Control de calidad MFF
942 _2ddc
_cLBS1
999 _c45392
_d45392